| 000 | 00638nam a22001937a 4500 | ||
|---|---|---|---|
| 005 | 20230131074032.0 | ||
| 008 | 230131b |||||||| |||| 00| 0 eng d | ||
| 020 | _a978-128-5113-01-7 | ||
| 082 | _a005.5 Sh545 2012 | ||
| 100 |
_aShelly, Gary B. _eauthor |
||
| 245 |
_aMicrosoft word, excel and powerpoint 2010: _bessential concepts and techniques / _cGary B. Shelly, Misty E. Vermaat |
||
| 260 |
_aSingapore: _bCengage Learning Asia, _cc2012 |
||
| 300 |
_aviii, [690]p.: _bill. |
||
| 504 | _aIncludes index | ||
| 541 | _e5059 | ||
| 650 | _aMicrosoft office | ||
| 650 | _aBusiness - Computer programs | ||
| 700 |
_aVermaat, Misty E. _eauthor |
||
| 999 |
_c794 _d794 |
||